000
00181nam a2200073Ia 4500
008
170817s9999 xx 000 0 und d
100
_a
BHASKAR RAO
245
0
_a
ACHIEVEMENTS IN MATHMATICS
260
_b
DISCOVERY PUB.
999
_c
36346
_d
36346